00301nam a22000977a 4500008004100000082001400041245006700055260004600122300001900168650001600187220809b |||||||| |||| 00| 0 eng d a305.5 ATH aCourse Pack ATH 204, Political Anthropology Semester III, 2022 aThimphu :bRoyal Thimphu College, c2022. a124 p.c30 cm. aCourse Pack